000 01528nam a2200373 i 4500
003 EG-ScBUE
005 20231030133414.0
008 170709s2012 ua fo f b 000 0bara d
017 _a2010 / 8564
020 _a9789777040585
040 _aEG-ScBUE
_bara
_erda
_cEG-ScBUE
_dEG-ScBUE
043 _af-ua---
082 0 4 _a962.03
_bج ن ا
_222
100 1 _aجنايني، عبد الله فوزي،
_eمؤلف.
245 1 2 _aالقائد إبراهيم باشا والمشروع النهضوي المصري، 1807-1848 /
_cتأليف عبد الله فوزي الجنايني ؛ تقديم لطيفة محمد سالم.
250 _aالطبعة الأولى.
264 1 _aالقاهرة :
_bالمجلس الأعلى للثقافة،
_c2012.
300 _a511 صفحة :
_bصور، لوحات ؛
_c24 سم
336 _2rdacontent
_aنص
_btxt
337 _2rdamedia
_aبدون وسيط
_bn
338 _2rdacarrier
_aمجلد
_bnc
500 _aيشتمل على ملاحق.
504 _aيشتمل على إرجاعات ببليوجرافية.
590 _aWessam
600 0 7 _aإبراهيم،
_cباشا،
_d1789-1848.
_2BUEsh
_911300
650 _2BUEsh
651 7 _aمصر
_xتاريخ
_yإبراهيم باشا، 1789-1848م.
_2BUEsh
651 7 _aمصر
_xتاريخ
_yمحمد علي، 1805-1849.
_2BUEsh
651 7 _aمصر
_xملوك وحكام
_vتراجم.
_yBUEsh
653 _bBUSBOL
_bGGEN
_cJuly2017
655 _vReading book
700 1 _aسالم، لطيفة محمد.
_eمقدم.
942 _2ddc
999 _c25002
_d24974